[Event "Titled Tuesday intern op 23rd Aug Early"]
[Site "Chess.com INT"]
[Date "2022.08.23"]
[Round "2"]
[White "Lenderman, Aleksandr"]
[Black "Jia, Haoxiang"]
[Result "1-0"]
[WhiteElo "2535"]
[BlackElo "2331"]
[PlyCount "37"]
[EventDate "2022.08.23"]
[EventType "swiss (blitz)"]
[EventRounds "11"]
[EventCountry "USA"]
[SourceTitle "EXT 2023"]
[Source "ChessBase"]
[SourceDate "2022.10.05"]
[SourceVersion "1"]
[SourceVersionDate "2022.10.05"]
[SourceQuality "1"]

1. e4 c5 2. d4 cxd4 3. c3 dxc3 4. Nxc3 Nc6 5. Nf3 d6 6. Bc4 a6 7. e5 Bg4 ({RR} 7... dxe5 8. Qxd8+ Nxd8 9. Nd5 Rb8 10. Nxe5 e6 11. Nc7+ Ke7 12. Be3 Kd6 13. Bf4 g5 14. Nxf7+ Ke7 15. Nxg5 Bg7 16. O-O-O e5 17. Rhe1 Nc6 18. Nf7 Bf5 19. Nxe5 Nxe5 20. Bxe5 Bxe5 21. Rxe5+ Kf6 22. f4 {Lenderman,A (2570)-Corrales Jimenez,F (2525) chess.com INT 2022 1-0 (50)}) ({RR} 7... dxe5 8. Qxd8+ Nxd8 9. Nxe5 e6 10. Be3 Nf6 11. O-O-O Be7 12. Bb6 Bd7 13. g4 Nc6 14. Nxd7 Nxd7 15. Be3 Nde5 16. Be2 Rd8 17. Bb6 Rd7 18. f4 Ng6 19. f5 Nf4 20. Bf3 Nd3+ 21. Kb1 Nde5 22. fxe6 {Mata Gonzalez,J (2164)-Boidiya,S (1981) chess.com INT 2025 0-1 (58)}) ({RR} 7... e6 8. exd6 Bxd6 9. O-O Nf6 10. Qe2 O-O 11. Bg5 h6 12. Bh4 Be7 13. Rad1 Qb6 14. Bd3 Rd8 15. Ne4 Nd5 16. Bg3 Bd7 17. Ne5 Nxe5 18. Bxe5 Be8 19. Qf3 f6 20. Bg3 Qxb2 21. Rb1 Qd4 22. Rfd1 {Lenderman,A (2600)-Michelakos,P (2280) Chess.com INT 2022 1-0 (62)}) 8. Qb3 $146 ({RR} 8. Bxf7+ Kxf7 9. Ng5+ Ke8 10. Qxg4 Nxe5 11. Qe2 Qd7 12. O-O Nf6 13. f4 Nf7 14. Ne6 h5 15. f5 Rg8 16. Bg5 Nxg5 17. Nxg5 Rc8 18. Nce4 Nxe4 19. Nxe4 Rh8 20. Rad1 Rc6 21. Ng5 d5 22. Ne6 b5 {Albert Cristobal,J (1802)-Gomez Albamonte,S Barcelona 2013 1-0}) 8... e6 9. Qxb7 Na5 10. Qb4 Bxf3 11. gxf3 Nxc4 12. Qxc4 Rc8 13. Qxa6 dxe5 14. Bg5 Be7 15. Rd1 Qc7 16. Bxe7 Nxe7 17. Nb5 Qc6 18. Nd6+ Kf8 19. Nxc8 1-0

[Event "Titled Tuesday intern op 23rd Aug Late"]
[Site "Chess.com INT"]
[Date "2022.08.23"]
[Round "1"]
[White "Lenderman, Aleksandr"]
[Black "Mathieu, Phileas"]
[Result "1-0"]
[WhiteElo "2535"]
[BlackElo "2320"]
[PlyCount "59"]
[EventDate "2022.08.23"]
[EventType "swiss (blitz)"]
[EventRounds "11"]
[EventCountry "USA"]
[SourceTitle "EXT 2023"]
[Source "ChessBase"]
[SourceDate "2022.10.05"]
[SourceVersion "1"]
[SourceVersionDate "2022.10.05"]
[SourceQuality "1"]

1. e4 c5 2. d4 cxd4 3. c3 dxc3 4. Nxc3 Nc6 5. Nf3 d6 6. Bc4 a6 7. e5 dxe5 8. Qxd8+ Nxd8 9. Nd5 Ne6 10. Nb6 Rb8 11. Nxe5 Nf6 12. Nxf7 Kxf7 13. Bf4 Ra8 $146 ({RR} 13... Nd7 14. Nxd7 Bxd7 15. Bxb8 g6 16. Be5 Bg7 17. Bxg7 Kxg7 18. Bxe6 Bxe6 19. O-O Bd5 20. b3 Re8 21. Rac1 Bc6 22. f4 Kf6 23. Rc5 e6 24. Re1 h5 25. Rce5 Re7 26. R1e3 Bd5 27. Rc3 Rd7 28. Ree3 {Godfrey,P (1444)-MacFarlane,A (1572) Auckland 1998 1-0 (47)}) 14. O-O g5 15. Bg3 Ne4 16. Nxa8 Nd2 17. Nb6 Nxc4 18. Nxc4 Bg7 19. Be5 Nf4 20. Bxg7 Kxg7 21. Rfe1 Be6 22. Nd2 Kf7 23. Nf3 h6 24. Ne5+ Kf6 25. g3 Nd5 26. Rad1 h5 27. Nf3 h4 28. Nxg5 hxg3 29. Rxe6+ Kxg5 30. Rxd5+ 1-0

[Event "Groningen op"]
[Site "Groningen"]
[Date "1998.12.22"]
[Round "3"]
[White "Najer, Evgeniy"]
[Black "Van Delft, Merijn"]
[Result "1-0"]
[WhiteElo "2535"]
[BlackElo "2245"]
[PlyCount "49"]
[EventDate "1998.12.??"]
[EventType "swiss"]
[EventRounds "11"]
[EventCountry "NED"]
[SourceTitle "EXT 2000"]
[Source "ChessBase"]
[SourceDate "1999.11.16"]
[SourceVersion "1"]
[SourceVersionDate "1999.11.16"]
[SourceQuality "1"]

1. e4 c5 2. Nc3 Nc6 3. Bb5 g6 4. Bxc6 dxc6 5. d3 Nf6 6. f4 Bg7 7. Nf3 O-O 8. O-O Bg4 9. Be3 b6 10. Qe1 Bxf3 11. Rxf3 Ng4 12. Bd2 c4 $146 ({RR} 12... Bd4+ 13. Kh1 f5 14. exf5 gxf5 15. h3 Rf6 16. Nd1 Qd7 17. c3 Re6 18. Qg3 Re2 19. cxd4 Rxd2 20. hxg4 fxg4 21. Rf2 Rxf2 22. Nxf2 {1-0 (22) Tsekouras,T (2196)-Kanellopoulos,G (2085) Porto Rio 2015}) 13. Qh4 Qd7 14. Raf1 Bf6 15. Qe1 Bd4+ 16. Kh1 cxd3 17. Rxd3 c5 18. h3 Nf6 19. e5 c4 20. Rxd4 Qxd4 21. Be3 Qd7 22. exf6 exf6 23. Ne4 Qf5 24. Bd4 Rad8 25. Bc3 1-0

[Event "RUS-chT rapid"]
[Site "Sochi"]
[Date "2019.10.18"]
[Round "1.3"]
[White "Moiseenko, Vadim"]
[Black "Nechaev, Oleg"]
[Result "1-0"]
[WhiteElo "2532"]
[BlackElo "2371"]
[PlyCount "101"]
[EventDate "2019.10.18"]
[EventType "team-swiss (rapid)"]
[EventRounds "9"]
[EventCountry "RUS"]
[SourceTitle "CBM 192 Extra"]
[Source "Chessbase"]
[SourceDate "2019.11.06"]
[SourceVersion "1"]
[SourceVersionDate "2019.11.06"]
[SourceQuality "1"]
[WhiteTeam "SSHOR Vityaz (Vologda)"]
[BlackTeam "Stavropol Territory 1"]
[WhiteTeamCountry "RUS"]
[BlackTeamCountry "RUS"]

1. e4 c5 2. Nc3 Nc6 3. Bb5 g6 4. Bxc6 dxc6 5. d3 Bg7 6. f4 Nf6 7. Nf3 O-O 8. O-O b6 9. a4 ({RR} 9. Qe1 Ba6 10. b3 Nd7 11. e5 f6 12. Bb2 fxe5 13. fxe5 Qc7 14. Nd1 Rf4 15. e6 Bxb2 16. Nxb2 Nf6 17. Qe5 Rc8 18. Rae1 Qxe5 19. Nxe5 Rxf1+ 20. Kxf1 Bb7 21. a4 Rf8 22. Kg1 Nd5 23. Nbc4 Nf4 {Indjic,A (2641)-Kanakaris,G (2391) chess.com INT 2023 1-0 (43)}) ({RR} 9. Qe1 Ba6 10. f5 Qc7 11. Qh4 e5 12. Bh6 Qe7 13. Ng5 Nh5 14. Bxg7 Kxg7 15. Ne6+ {1-0 (15) Bersamina,P (2411)-Naudin,Y (1916) Bangkok THA 2025}) 9... a5 10. h3 Ne8 $146 ({RR} 10... Ba6 11. Be3 Nd7 12. Qd2 Qc7 13. f5 Ne5 14. Bh6 b5 15. axb5 cxb5 16. Nd5 Nxf3+ 17. Rxf3 Qe5 18. Nxe7+ Qxe7 19. Bxg7 Rfd8 20. f6 Qxe4 21. Qh6 Qd4+ 22. Rf2 Qd6 23. Rf4 {1-0 (23) Mostovikov,N (1587)-Leonova,A (1809) St Petersburg RUS 2024}) ({RR} 10... Ba6 11. Be3 Nd7 12. Qd2 Qc7 13. f5 Ne5 14. Bh6 b5 15. axb5 cxb5 16. Nd5 Nxf3+ 17. Rxf3 Qe5 18. Nxe7+ Qxe7 19. Bxg7 Rfd8 20. f6 Qxe4 21. Qh6 Qd4+ 22. Rf2 Qd6 23. Rf4 {1-0 (23) Mostovikov,N (1587)-Leonova,A (1809) St Petersburg RUS 2024}) 11. Be3 Nc7 12. Rb1 Ne6 13. Qd2 Nd4 14. Ne2 Nxf3+ 15. Rxf3 f5 16. exf5 Bxf5 17. b3 Qd5 18. Nc3 Qd7 19. Rbf1 h5 20. Bf2 e5 21. fxe5 Bxe5 22. Nd1 Bg7 23. Bg3 Kh7 24. Kh2 Be6 25. Ne3 Rxf3 26. Rxf3 Rf8 27. Rxf8 Bxf8 28. Be5 Bh6 29. Qf2 Bg7 30. Qf4 Bh6 31. Qf3 Bg7 32. Bxg7 Kxg7 33. Qf4 Qd4 34. Kg3 Qxf4+ 35. Kxf4 Kf6 36. h4 b5 37. c4 b4 38. Nd1 Bf5 39. Nf2 Ke6 40. Ne4 Bxe4 41. dxe4 Kf6 42. e5+ Ke6 43. g3 Ke7 44. g4 Ke6 45. gxh5 gxh5 46. Ke4 Ke7 47. Kf5 Kf7 48. e6+ Ke8 49. Kf4 Kf8 50. Ke4 Ke8 51. Kf5 1-0

[Event "Moscow Tal Memorial"]
[Site "Moscow"]
[Date "1992.??.??"]
[Round "?"]
[White "Minasian, Artashes"]
[Black "Chekhov, Valery A"]
[Result "1-0"]
[WhiteElo "2530"]
[BlackElo "2535"]
[PlyCount "55"]
[EventDate "1992.08.??"]
[EventType "swiss"]
[EventRounds "9"]
[EventCountry "RUS"]
[SourceTitle "EXT 1997"]
[Source "ChessBase"]
[SourceDate "1996.11.15"]
[SourceVersion "1"]
[SourceVersionDate "1996.11.15"]
[SourceQuality "1"]

1. e4 c5 2. Nc3 e6 3. f4 d5 4. Nf3 dxe4 5. Nxe4 Be7 6. Bc4 Nf6 ({RR} 6... Nc6 7. d3 Nh6 8. Ne5 Bd7 9. Nxd7 Qxd7 10. Be3 Nf5 11. Bf2 Na5 12. Bb3 b6 13. O-O O-O 14. Qe2 Rfd8 15. Rad1 h6 16. c3 Nxb3 17. axb3 Qb5 18. Qc2 Rd7 19. g4 Nd6 20. Nxd6 Rxd6 21. Bg3 {Minasian,A (2530)-Kharlov,A (2555) Moscow 1992 0-1}) 7. d3 O-O 8. O-O Nc6 9. a4 $146 ({RR} 9. Kh1 Na5 10. Qe1 Bd7 11. Bd2 Nxc4 12. dxc4 Nxe4 13. Qxe4 Bc6 14. Qe2 Bf6 15. Rad1 Bxb2 16. Bc3 Qb6 17. Rb1 Bxc3 18. Rxb6 axb6 19. f5 exf5 20. Qd3 Bf6 21. Qxf5 Rxa2 22. h4 h6 23. Re1 Ra4 {Lorelli,C (2320)-Ricardi,P (2480) Vicente Lopez 1993 0-1}) ({RR} 9. Kh1 Na5 10. Qe2 Nxc4 11. dxc4 Qc7 12. Bd2 b6 13. Bc3 Nxe4 14. Qxe4 Bb7 15. Qe5 Qxe5 16. fxe5 {0-1 (16) Jorge,D (1903)-Aranha Filho,A (2316) Florianopolis 2018}) ({RR} 9. a3 Qc7 10. c3 Na5 11. Ba2 Nxe4 12. dxe4 b6 13. Be3 Ba6 14. Rf2 Rad8 15. Rd2 Nc4 16. Bxc4 Bxc4 17. Ne5 Ba6 18. Qa4 Rxd2 19. Bxd2 Bb7 20. Rd1 Bd6 21. Re1 Bxe5 22. fxe5 Bc6 23. Qa6 Qd7 {Kawulok,M (2057)-Kubik,M (2136) Czech Republic 2013 0-1}) 9... b6 10. Bd2 Bb7 11. Kh1 Nd4 12. Nxd4 cxd4 13. Qe2 Qd7 14. Rf3 Rfc8 15. Rh3 Bd5 16. Bxd5 exd5 17. Nxf6+ Bxf6 18. Qh5 h6 19. f5 Qc6 20. g4 Qxc2 21. Bxh6 Qxb2 22. Rg1 gxh6 23. Qxh6 Bg7 24. Qh7+ Kf8 25. f6 Bxf6 26. Rf3 Bg7 27. Rxf7+ Kxf7 28. Rf1+ 1-0

[Event "Krasnodar South Region-ch"]
[Site "Krasnodar"]
[Date "2005.02.??"]
[Round "?"]
[White "Turov, Maxim"]
[Black "Pudovkin, Dmitry"]
[Result "1-0"]
[WhiteElo "2527"]
[BlackElo "2349"]
[PlyCount "89"]
[EventDate "2005.02.??"]
[EventType "swiss"]
[EventRounds "9"]
[EventCountry "RUS"]
[SourceTitle "EXT 2006"]
[Source "ChessBase"]
[SourceDate "2005.11.24"]
[SourceVersion "1"]
[SourceVersionDate "2005.11.24"]
[SourceQuality "1"]

1. e4 c5 2. Nc3 e6 3. f4 d5 4. Nf3 dxe4 5. Nxe4 Nf6 6. Nxf6+ Qxf6 7. g3 ({RR} 7. Ne5 Qxf4 8. Bb5+ Bd7 9. Qe2 Bxb5 10. Qxb5+ Nc6 11. Qxb7 Qxe5+ 12. Kd1 Qh5+ 13. Ke1 Qe5+ 14. Kd1 Qh5+ 15. Ke1 Qh4+ 16. Kf1 Qf4+ 17. Kg1 Qd4+ 18. Kf1 Qf4+ 19. Kg1 Qd4+ 20. Kf1 Qd7 21. Qxa8+ Ke7 {Wahls,M (2520)-Lutz,C (2595) Germany 1994 0-1}) 7... Nc6 ({RR} 7... Bd7 8. Ne5 Bc6 9. Nxc6 Nxc6 10. Bg2 g6 11. O-O Bg7 12. Rb1 O-O 13. d3 Rfd8 14. Qf3 c4 15. dxc4 Qd4+ 16. Be3 Qxc4 17. c3 Qxa2 18. Qe2 Qb3 19. h4 Ne7 20. Bf2 Rd7 21. Rfd1 Rad8 22. Rxd7 {Janaszak,D (2306)-Amburgy,R (2293) chess.com INT 2025 1-0 (81)}) 8. Bg2 h6 $146 ({RR} 8... Bd6 9. c3 h5 10. Qe2 Bd7 11. d3 O-O-O 12. Ng5 Qg6 13. Ne4 Be7 14. Be3 h4 15. g4 f5 16. Nxc5 Bxc5 17. Bxc5 fxg4 18. Qe3 Rhe8 19. O-O-O e5 20. Rhf1 Qh5 21. Bd6 Qh6 22. Qc5 Re6 23. Bxc6 {Glasschroeder,M (1830)-Goldinov,D (1972) Bamberg GER 2024 ½-½ (42)}) ({RR} 8... g6 9. O-O Bg7 10. d3 O-O 11. c3 Rd8 12. Be3 Qe7 13. Qe2 Rb8 14. Nd2 Bd7 15. Ne4 b6 16. Rad1 Be8 17. g4 f5 18. Ng3 Rbc8 19. Bc1 Qd6 20. Rfe1 Bf7 21. Qf3 Ne7 22. h4 fxg4 23. Qxg4 {Turov,M (2509)-Grebionkin,V (2462) chessassistantclub.com INT 2004 1-0 (36)}) ({RR} 8... g6 9. O-O Bg7 10. d3 O-O 11. c3 Qe7 12. Re1 Rb8 13. Be3 b6 14. Qe2 Ba6 15. Rad1 Rfd8 16. Qc2 Rbc8 17. Bf2 Qc7 18. Rd2 Rd7 19. Red1 Rcd8 20. d4 cxd4 21. cxd4 Ne7 22. Qa4 Bb7 23. Rc2 {Bermudez Adams,W (2183)-De la Riva Aguado,O (2548) Morelia 2008 0-1 (32)}) 9. d3 Bd6 10. O-O O-O 11. Nd2 Bd7 12. c3 Qd8 13. Nc4 Be7 14. Qe2 Rc8 15. a4 b6 16. Be3 f5 17. Bf2 Qc7 18. Rfe1 Bf6 19. Rad1 Rfe8 20. g4 fxg4 21. Qxg4 Rf8 22. Bg3 e5 23. f5 Ne7 24. Nxe5 Bxf5 25. Qc4+ Kh7 26. Ng6 Qd7 27. Nxf8+ Rxf8 28. Be4 Kh8 29. Rf1 Bh3 30. Bg2 Bxg2 31. Kxg2 Nf5 32. Rde1 Nxg3 33. hxg3 Qc6+ 34. Qe4 Qd7 35. Rf3 Rd8 36. Qg6 Qc6 37. Re4 a6 38. Kh2 Kg8 39. Rfe3 Rf8 40. Re2 b5 41. Re6 Qd7 42. a5 b4 43. c4 Qa4 44. b3 Qd7 45. Rxa6 1-0

[Event "Titled Tue 22nd Nov Late"]
[Site "chess.com INT"]
[Date "2022.11.22"]
[Round "5"]
[White "Corrales Jimenez, F.."]
[Black "Barria Zuniga, D.."]
[Result "1-0"]
[WhiteElo "2525"]
[BlackElo "2341"]
[PlyCount "63"]
[EventDate "2022.11.22"]

1. e4 c5 2. d4 cxd4 3. c3 dxc3 4. Nxc3 Nc6 5. Nf3 e6 6. Bc4 a6 7. O-O Na5 8. Bd3 b5 9. e5 Bb7 10. Ne4 f5 11. Bg5 Qb8 12. Nd6+ $146 ({RR} 12. Ned2 h6 13. Be3 g5 14. Bb6 Nc6 15. Nd4 Nxe5 16. Qh5+ Nf7 17. Rfe1 Nf6 18. Qg6 Be7 19. Nxf5 Rg8 20. Ng7+ Kf8 21. Bf1 Rxg7 22. Qd3 Qd6 23. Qe3 Nd5 24. Qd4 e5 25. Qg4 Nxb6 26. Ne4 Qe6 {Mata Gonzalez,J (2164)-Barria Zuniga,D (2341) chess.com INT 2025 0-1 (49)}) 12... Bxd6 13. exd6 Qxd6 14. Re1 Ne7 15. Ne5 O-O 16. Bxb5 Nd5 17. Bxd7 f4 18. b4 Rf5 19. Bxf4 Rxf4 20. bxa5 Raf8 21. Qb3 Ba8 22. f3 Qc5+ 23. Kh1 Qf2 24. Bxe6+ Kh8 25. Bxd5 Rh4 26. Nf7+ Kg8 27. Bxa8 g6 28. Ng5+ Kg7 29. Ne6+ Kh6 30. Nxf8 Qg3 31. Qe3+ Kg7 32. Qe5+ 1-0

[Event "Olympiad-30"]
[Site "Manila"]
[Date "1992.06.20"]
[Round "11.3"]
[White "Giorgadze, Giorgi"]
[Black "Kouatly, Bachar"]
[Result "1-0"]
[WhiteElo "2525"]
[BlackElo "2515"]
[PlyCount "81"]
[EventDate "1992.06.08"]
[EventType "team-swiss"]
[EventRounds "14"]
[EventCountry "PHI"]
[SourceTitle "TD"]
[Source "ChessBase"]
[SourceDate "1994.03.01"]
[SourceVersion "1"]
[SourceVersionDate "1994.03.01"]
[SourceQuality "1"]
[WhiteTeam "Georgia"]
[BlackTeam "France"]
[WhiteTeamCountry "GEO"]
[BlackTeamCountry "FRA"]

1. e4 c5 2. Nc3 e6 3. f4 d5 4. Nf3 dxe4 5. Nxe4 Nc6 6. g3 Nf6 7. Nxf6+ Qxf6 8. Bg2 g6 9. O-O Bg7 10. d3 O-O 11. c3 Qe7 $146 ({RR} 11... Rb8 12. Ng5 Qe7 13. Be3 Bd7 14. Qe2 b6 15. Rae1 Rbd8 16. h4 Nb8 17. h5 Bb5 18. c4 Bc6 19. hxg6 hxg6 20. Bh3 Rfe8 21. Bg4 Nd7 22. Bf3 Bxf3 23. Rxf3 Nf8 24. Bf2 Rd7 25. g4 Red8 26. Bh4 {Van Overdam,J (2102)-Hoffmann,M (2517) Vlissingen 2010 0-1 (43)}) ({RR} 11... Bd7 12. Be3 Qe7 13. Qe2 Rad8 14. Rad1 Bc8 15. Ng5 Na5 16. d4 cxd4 17. Bxd4 Bxd4+ 18. cxd4 Qb4 19. Qf2 Nc4 20. b3 Nb6 21. Rfe1 Nd5 22. Bxd5 Rxd5 23. Ne4 Kg7 24. Rd3 Rfd8 25. Red1 b6 26. Qb2 {Lyell,M (2197)-Tesik,C (2275) Budapest 2011 0-1 (41)}) 12. Be3 Rd8 13. Qe2 Bd7 14. Qf2 b6 15. Ne5 Rac8 16. Nxd7 Qxd7 17. Rad1 Ne7 18. g4 Qb5 19. Qe2 Rd6 20. Bf2 Rcd8 21. Bh4 Re8 22. Bxe7 Rxe7 23. f5 Red7 24. f6 Bh6 25. c4 Qa4 26. h4 Rd8 27. Be4 Rd4 28. g5 Bf8 29. h5 Qd7 30. hxg6 hxg6 31. Qg4 Qd6 32. Rd2 Rxc4 33. Rg2 Rb4 34. a3 Qd4+ 35. Kh1 Rxb2 36. Rxb2 Qxb2 37. Bxg6 Rd7 38. Be4 Rd4 39. g6 Bd6 40. gxf7+ Kxf7 41. Qg7+ 1-0

[Event "Arica op 4th"]
[Site "Arica"]
[Date "2017.12.12"]
[Round "4"]
[White "Hernandez Guerrero, Gilberto Eduardo"]
[Black "Quintiliano Pinto, Renato Rodrigues"]
[Result "1-0"]
[WhiteElo "2525"]
[BlackElo "2441"]
[PlyCount "73"]
[EventDate "2017.12.10"]
[EventType "swiss"]
[EventRounds "10"]
[EventCountry "CHI"]
[SourceTitle "CBM 182 Extra"]
[Source "ChessBase"]
[SourceDate "2018.02.23"]
[SourceVersion "1"]
[SourceVersionDate "2018.02.23"]
[SourceQuality "1"]

1. e4 c5 2. Nc3 Nc6 3. Bb5 g6 4. Bxc6 dxc6 5. f4 Bg7 6. Nf3 Nf6 7. O-O O-O 8. d3 Ne8 9. Be3 ({RR} 9. Qe1 Nc7 10. Kh1 Ne6 11. Qh4 Nd4 12. Ng5 h6 13. Nf3 Nxc2 14. Rb1 e6 15. Qf2 Nd4 16. e5 b6 17. Ne4 Ba6 18. Rd1 Qe7 19. Nxd4 cxd4 20. Qxd4 c5 21. Qc3 Rfd8 22. Be3 Bb7 23. Nd6 Qxd6 {Sahin,S (2212)-Tirado,H (2008) chess.com INT 2025 0-1 (56)}) 9... b6 10. Qe1 Nc7 11. Qh4 f5 $146 ({RR} 11... e6 12. Qh3 f5 13. Rad1 Qe7 14. Rfe1 Nb5 15. exf5 exf5 16. Bd2 Qd6 17. Ng5 h6 18. Nxb5 cxb5 19. Nf3 Bb7 20. Ne5 g5 21. Qg3 Rae8 22. Bc3 Re6 23. Nf3 Rg6 24. Ne5 Bxe5 25. fxe5 Qe6 26. b4 {Esbensen,A (2020)-Shkadiouk,A (2156) Vadso 2007 0-1 (35)}) ({RR} 11... f6 12. Rad1 Nb5 13. Ne2 Qe8 14. c4 Nd6 15. g4 Nf7 16. Kh1 Qd7 17. Rg1 e5 18. f5 g5 19. Qf2 Re8 20. h4 h6 21. Ng3 Kf8 22. Nh5 Bh8 23. Rg2 a5 24. b3 Ke7 25. a3 Ba6 26. Rd2 {Hernandez Guerrero,G (2547)-Cubas,J (2485) Caioba 2019 1-0 (34)}) ({RR} 11... Ne6 12. f5 Nd4 13. Ng5 h6 14. Nh3 gxf5 15. Bxh6 e6 16. Qg3 Qf6 17. Bg5 Qg6 18. Nf4 Qh7 19. Bf6 Kh8 20. Nh5 Bxf6 21. Nxf6 Qg6 22. Qh3+ Kg7 23. Nh5+ Kg8 24. e5 Rd8 25. Nf6+ Kg7 26. Nh5+ {Pasini,N (2197)-Titze,L (1986) Lignano Sabbiadoro 2020 1-0 (38)}) 12. Ng5 h6 13. Nf3 e6 14. Qg3 Kh7 15. a4 a5 16. Rad1 Ba6 17. Rfe1 Qe7 18. d4 cxd4 19. Bxd4 Bxd4+ 20. Rxd4 c5 21. Rdd1 Rad8 22. Ne5 Qg7 23. exf5 gxf5 24. Qxg7+ Kxg7 25. Nd7 Rf7 26. Nxb6 Rd4 27. Rxd4 cxd4 28. Ne2 d3 29. cxd3 Bxd3 30. Nc3 Kg6 31. Re5 Rf8 32. Rxa5 Kh5 33. Ra7 Na6 34. Rg7 Rb8 35. Nd7 Rxb2 36. Nf6+ Kh4 37. Rg3 1-0

[Event "Buenos Aires Duchamp Boca op 3rd"]
[Site "Buenos Aires"]
[Date "2013.06.26"]
[Round "6"]
[White "Hernandez Guerrero, Gilberto Eduardo"]
[Black "Calderon Fernandez, Gervasio"]
[Result "1-0"]
[WhiteElo "2523"]
[BlackElo "2331"]
[PlyCount "73"]
[EventDate "2013.06.20"]
[EventType "swiss"]
[EventRounds "9"]
[EventCountry "ARG"]
[SourceTitle "CBM 155 Extra"]
[Source "ChessBase"]
[SourceDate "2013.08.26"]
[SourceVersion "1"]
[SourceVersionDate "2013.08.26"]
[SourceQuality "1"]

1. e4 c5 2. Nc3 Nc6 3. Bb5 g6 4. Bxc6 dxc6 5. f4 Bg7 6. Nf3 Nf6 7. O-O O-O 8. d3 b6 9. Qe1 Nd7 ({RR} 9... Ne8 10. Be3 Nc7 11. Qh4 f6 12. Rad1 Nb5 13. Ne2 Qe8 14. c4 Nd6 15. g4 Nf7 16. Kh1 Qd7 17. Rg1 e5 18. f5 g5 19. Qf2 Re8 20. h4 h6 21. Ng3 Kf8 22. Nh5 Bh8 23. Rg2 a5 24. b3 {Hernandez Guerrero,G (2547)-Cubas,J (2485) Caioba 2019 1-0 (34)}) ({RR} 9... Qc7 10. Qh4 Ng4 11. h3 Bf6 12. Qe1 Bd4+ 13. Nxd4 cxd4 14. hxg4 dxc3 15. Qh4 Qd7 16. bxc3 Qxg4 17. Qxe7 Be6 18. Qf6 Qh5 19. f5 gxf5 20. exf5 Bd5 21. c4 Bxg2 22. Bb2 {1-0 (22) Lanzilotta,F (1854)-Comas,M (1716) Montevideo URU 2025}) 10. Be3 $146 ({RR} 10. Qh4 e5 11. Qg3 exf4 12. Bxf4 Re8 13. Bc7 Qf6 14. Ne5 Nxe5 15. Rxf6 Bxf6 16. Rf1 Bg7 17. Nd1 Bd7 18. Qh4 Rac8 19. Bd6 f6 20. Ne3 Re6 21. Bxe5 Rxe5 22. Rxf6 Bxf6 23. Qxf6 Rce8 24. h4 R5e6 {Schneider,I (2414)-Stisis,Y (2273) Skopje MKD 2024 1-0 (32)}) ({RR} 10. f5 Ne5 11. Qh4 Nxf3+ 12. Rxf3 c4 13. Rh3 h5 14. Rg3 cxd3 15. cxd3 e6 16. Bg5 Qd4+ 17. Be3 Qd8 18. Qxd8 Rxd8 19. fxg6 fxg6 20. Rxg6 Kf7 21. Rg3 Rxd3 22. Rf1+ Kg8 23. Rd1 Rxd1+ 24. Nxd1 Kf7 {Sargissyan,S (2269)-Yordanov,L (2307) Chess.com INT 2020 0-1 (38)}) 10... f5 11. e5 Qc7 12. Ng5 Nb8 13. Rd1 Rd8 14. Qh4 h6 15. Nf3 Be6 16. Qg3 Kh7 17. h4 Qd7 18. d4 c4 19. h5 gxh5 20. Qh3 Qe8 21. d5 cxd5 22. Nd4 Qf7 23. Ncb5 Na6 24. Nxe6 Qxe6 25. Nd4 Qg6 26. Nxf5 Bf8 27. Nd4 Nc5 28. Rf3 Ne4 29. Ne6 Qg4 30. Nxd8 Rxd8 31. f5 Bg7 32. Qxg4 hxg4 33. Rf4 Ng3 34. Kf2 Nh5 35. Rxg4 Rf8 36. Rxd5 Rxf5+ 37. Ke2 1-0

[Event "HUN-chT2 Maroczy 1011"]
[Site "Hungary"]
[Date "2011.05.01"]
[Round "10.1"]
[White "Jovanovic, Zoran"]
[Black "Tesik, Csaba"]
[Result "1-0"]
[WhiteElo "2520"]
[BlackElo "2258"]
[PlyCount "127"]
[EventDate "2010.09.12"]
[EventType "team-tourn"]
[EventRounds "11"]
[EventCountry "HUN"]
[SourceTitle "EXT 2012"]
[Source "ChessBase"]
[SourceDate "2011.11.24"]
[SourceVersion "1"]
[SourceVersionDate "2011.11.24"]
[SourceQuality "1"]
[WhiteTeam "Dunaharaszti"]
[BlackTeam "Maroczy"]
[WhiteTeamCountry "HUN"]
[BlackTeamCountry "HUN"]

1. e4 c5 2. Nc3 e6 3. f4 d5 4. Nf3 dxe4 5. Nxe4 Nf6 6. Nxf6+ Qxf6 7. d4 cxd4 8. Qxd4 Qxd4 9. Nxd4 Bc5 10. Nb5 Na6 11. a3 $146 ({RR} 11. c3 O-O 12. b4 Be7 13. Be3 b6 14. Be2 Bb7 15. Kf2 Bc6 16. a4 Bf6 17. Ra3 Bxb5 18. axb5 Nc7 19. c4 Rfd8 20. Rd1 Rxd1 21. Bxd1 Be7 22. Bf3 Rc8 23. Rxa7 Bxb4 24. Bc6 Ne8 25. Bxe8 Rxe8 {Schuh,D (2372)-Maes,W (2185) Dortmund 2019 1-0 (31)}) 11... Ke7 12. b4 Bb6 13. c4 Nc7 14. c5 Nxb5 15. Bxb5 Bc7 16. Be3 Rd8 17. Kf2 Bd7 18. a4 Bc6 19. Bxc6 bxc6 20. b5 Ba5 21. Rhd1 Rab8 22. Rxd8 Kxd8 23. Rd1+ Kc7 24. Rd6 cxb5 25. Ra6 Bc3 26. Rxa7+ Kc6 27. axb5+ Rxb5 28. Rxf7 Bf6 29. Ra7 Kd5 30. Kf3 e5 31. Rd7+ Kc6 32. Rd6+ Kc7 33. Rb6 Ra5 34. Ke4 Ra4+ 35. Kf5 e4 36. g4 Bd4 37. Bxd4 Rxd4 38. Re6 Kd7 39. Rxe4 Rd2 40. h4 Rc2 41. Re5 Rc4 42. h5 Rc1 43. Kg5 Rc4 44. f5 h6+ 45. Kh4 Rc1 46. Re6 Rxc5 47. Rg6 Rc1 48. f6 gxf6 49. Rxf6 Ke7 50. Rxh6 Kf7 51. Ra6 Kg7 52. Ra7+ Kg8 53. h6 Rc4 54. Kh5 Rc5+ 55. g5 Rb5 56. Re7 Ra5 57. Kg6 Ra6+ 58. Kf5 Ra5+ 59. Re5 Ra8 60. g6 Rf8+ 61. Kg5 Ra8 62. h7+ Kg7 63. Re7+ Kh8 64. Kh6 1-0

[Event "Titled Tue 30th Jan Late"]
[Site "chess.com INT"]
[Date "2024.01.30"]
[Round "11"]
[White "Krzyzanowski, M.."]
[Black "D'Arruda, R.."]
[Result "1-0"]
[WhiteElo "2520"]
[BlackElo "2271"]
[PlyCount "49"]
[EventDate "2024.01.30"]

1. e4 c5 2. d4 cxd4 3. c3 dxc3 4. Nxc3 e6 5. Nf3 Bb4 6. e5 ({RR} 6. Qd4 Bxc3+ 7. bxc3 Nf6 8. e5 Nc6 9. Qa4 Nd5 10. c4 Nde7 11. Ba3 Ng6 12. Bd6 f6 13. O-O-O Ngxe5 14. Nxe5 Nxe5 15. Re1 Kf7 16. f4 Nc6 17. Bd3 Qa5 18. Qb3 Nd4 19. Qb2 Nf5 20. Bb4 Qc7 {Garcia Palermo,C (2415)-Panno,O (2545) Esquel 1979 0-1 (32)}) ({RR} 6. Qd4 Nc6 7. Qxg7 Qf6 8. Bh6 Bxc3+ 9. bxc3 Qxh6 10. Qxh8 Qg6 11. Bd3 f6 12. O-O Nce7 13. h4 b6 14. e5 f5 15. Ng5 h6 16. Nh7 Bb7 17. Nf6+ Kd8 18. f3 Kc7 19. Qh7 Qg3 20. Bb5 Qxe5 {Mina,N (2177)-Gongalov,B (2137) Milan 2009 1-0 (35)}) 6... d5 7. exd6 $146 ({RR} 7. Be2 Nc6 8. O-O a6 9. a3 Ba5 10. Be3 Bc7 11. Bd4 Nge7 12. Qd3 Ng6 13. Rfe1 Ngxe5 14. Nxe5 Nxe5 15. Qh3 O-O 16. Bd1 Ng6 17. Qh5 Re8 18. Ne2 e5 19. Bc3 Qf6 20. Ng3 Bb6 21. Qe2 Bd7 {Hodova,L-Urbankova,E (2150) Svetla nad Sazavou 1994 1-0 (31)}) 7... Qxd6 8. Bd3 Nf6 9. O-O Qe7 10. Nb5 a6 11. Qa4 O-O 12. a3 Bc5 13. Bg5 Bd7 14. Qh4 h6 15. Nc3 hxg5 16. Nxg5 g6 17. Nce4 Nh5 18. g4 f6 19. Nh3 f5 20. Neg5 fxg4 21. Bxg6 gxh3 22. Qxh5 Be8 23. Bxe8 Rxe8 24. Rae1 e5 25. Rxe5 1-0